000 00926 a2200229 4500
003 Nust
005 20220729124220.0
010 _a 2002276267
020 _a8178082926
040 _cNust
082 0 0 _a004.6,MIL
100 1 _aMiller, Brent A.
_995781
245 1 0 _aBluetooth revealed /
_cBrent A. Miller, Chatschik Bisdikian.
260 _aUpper Saddle River, NJ :
_bPrentice Hall PTR,
_cc2001.
300 _axvi, 303 p. :
_bill. ;
_c24 cm.
505 _aPart-1: Introduction To Bluetooth Wireless Communication (Page-1), Part-2: The Bluetooth Specification Examined (Page-57), Part-3: The Bluetooth Profiles Examined (Page-201), Part-4: The Further of Bluetooth Technology (Page-277).
650 0 _aBluetooth technology.
_995782
650 0 _aComputer network protocols.
_981627
650 0 _aTelecommunication
_xEquipment and supplies.
_995783
700 1 _aBisdikian, Chatschik.
_995784
942 _2ddc
_cBK
_k004.6,MIL
999 _c176479
_d176479